000 00584cab a2200205 4500
001 WB2334-01
008 090401t1987 xxu||||| |||| 00| 0 eng d
035 _a(Sirsi) u73029
041 _aeng
245 _aStraying animals
260 _c1987
350 _a0
490 _aEstates Gazette
_v283(6348) 22/8/87 p852
520 _aDiscusses liability for animals straying onto neighbours land under the Animals Act 1971 s4 . Matthews v Wicks (WB2321-03).
650 _aCOMMON LAND
650 _aGRAZING RIGHTS
690 _aRURAL PRACTICE
942 _n0
948 _c04/03/1997
999 _c46175
_d46175